000
00318nam a2200121Ia 4500
008
220204s9999 xx 000 0 und d
082
_a
002.6208
_b
CAR
100
_a
Cartmell, Edward
245
0
_a
Chemistry for engineers: An introductory course
250
_a
Ed.2
260
_a
London
_b
Butterworths
_c
1964
942
_c
BK
999
_c
22445
_d
22445